Auroraliigan joukkueet: logovisa - Statistics

Yleistilastot
  • Tätä visaa on pelattu 25 kertaa
  • Keskiarvotulos 8 / 9
Vastaustilastot
Kuvavisa Vastaus % Oikein
Hämeenlinnan Pallokerho
100%
Helsingin IFK
100%
Kalevan Pallo
100%
Tampereen Ilves
100%
Kiekko-Espoo
96%
Oulun Kärpät
96%
Turun Palloseura
96%
Rovaniemen Kiekko
91%
Team Kuortane
30%
Ehtoja vastaavia visoja ei löytynyt
Tulosjakauma
Jokaisen tuloksen saaneiden osuus
Persentiili vastausten määrän mukaan
Tuloshistoriasi
Et ole pelannut tätä visaa